| 000 | 00762nam a2200181Ia 4500 | ||
|---|---|---|---|
| 003 | GCL | ||
| 005 | 20240530103659.0 | ||
| 008 | 140319s9999 xx 000 0 ara d | ||
| 040 |
_aGCL / _cGCL |
||
| 082 | 0 | 4 |
_a415.1 _bخ م |
| 100 | 1 | _aالخليل بن احمد : ابو عبدالرحمن الخليل بن احمد بن عمرو بن تميم الفراهيدي 100 - 170 | |
| 245 | 1 | 0 |
_aالمنظومة النحوية / _cالخليل بن احمد : ابو عبدالرحمن الخليل بن احمد بن عمرو بن تميم الفراهيدي 100 - 170 |
| 300 | _a264 ص | ||
| 650 | 0 | 4 | _aاللغة العربية |
| 650 | 0 | 4 | _aالخليل بن احمد الفراهيدى |
| 650 | 0 | 4 | _aاللغة العربية - النحو |
| 942 |
_2ddc _cBK |
||
| 999 |
_c41635 _d41635 |
||